000 00643nam a2200205Ia 4500
003 GCL
008 140319s9999 xx 000 0 ara d
040 _aGCL /
_cGCL
082 0 4 _a322.42
_bم م
100 1 _aمكرم محمد احمد
245 1 0 _aمؤامرة ام مراجعة /
_cمكرم محمد احمد
250 _aالثانية
260 _aالقاهرة :
_bدار الشروق ،
_c2003
300 _a239 ص ؛
_c24 سم
650 0 4 _aالاحوال السياسية
650 0 4 _aالمذاهب السياسية
650 0 4 _aالجماعات
650 0 4 _aمصر - الاحوال السياسية
942 _2ddc
_cBK
999 _c5542
_d5542